000 00915 a2200229 4500
020 _a9788126413864
040 _aDLC
082 0 0 _a621.382/75
100 1 _aAgrawal, G. P.
245 1 0 _aFiber-optic communication systems
_cGovind P. Agrawal.
250 _a3rd ed.
260 _aNew York :
_bWiley-Interscience,
_cc2002.
300 _axvii, 546 p. :
_bill., map ;
_c25 cm.
_e+ 1 CD-ROM (4 3/4 in.)
440 0 _aWiley series in microwave and optical engineering
500 _a"A Wiley-Interscience publication."
650 0 _aOptical communications.
650 0 _aFiber optics.
856 4 2 _3Contributor biographical information
_uhttp://www.loc.gov/catdir/bios/wiley044/2002284080.html
856 4 2 _3Publisher description
_uhttp://www.loc.gov/catdir/description/wiley036/2002284080.html
856 4 2 _3Table of contents
_uhttp://www.loc.gov/catdir/toc/wiley023/2002284080.html
942 _cBK
_k621.83014 AGR
_2ddc
999 _c4673
_d4673